BIBLIOTHÈQUE DE LA MAISON DU MEXIQUE

Logo 1 Logo 2

Las ideas de la reforma en México (notice nᵒ 10460)

détails MARC
000 -Sello discográfico
campo de control de longitud fija 00976nam a2200313 4500
005 - Identificación de versión
campo de control 20251016082547.0
010 ## - Número Estándar Internacional de Libros (ISBN)
Número (ISBN) 968-58-0482-6
035 ## - Otros números de control del sistema
Número de control del sistema 16863
099 ## - fechas locales
Tipo de ítem Koha LIBRO
100 ## - Datos de procesamiento general
Datos de procesamiento general 20040108d1983 m y1spay5003 ba
101 1# - Idioma del recurso
Idioma del texto, banda sonora, etc. Español; Castellano
Idioma de la obra original Francés
105 ## - Campo de datos codificados: Material textual, monográfico
Datos codificados de monografía y 001zy
200 1# - Título y mención de responsabilidad
Título propio Las ideas de la reforma en México
Designación general del material texto impreso
Otra información del título 1855-1861
Primer mención de responsabilidad Jacqueline Covo
Declaración de responsabilidad subsiguiente traducción María Francisca Mourier-Martínez
205 ## - Declaración de edición
Declaración de edición 1a ed
210 ## - Publicación, distribución, etc.
Lugar de publicación, distribución, etc. México
Nombre del editor, distribuidor, etc. Universidad Nacional Autónoma de México, Coordinación de Humanidades
Fecha de publicación, distribución, etc. 1983
215 ## - Descripción física
Designación de material específico y extensión del ítem 668 p
Dimensiones 23 cm
345 ## - Nota de información de adquisición
Fuente de adquisición/dirección de la suscripción [OBSOLETO] Donación
607 ## - Nombre geográfico utilizado como tema
Elemento de entrada México
Subdivisión temática Historia
Subdivisión cronológica 1821-1861
Número Koha 2709
660 ## - Código de área geográfica
Código MX
700 ## - Nombre personal - Responsabilidad primaria
Elemento de entrada Covo-Maurice
Parte del nombre distinta del elemento de entrada Jacqueline
Fechas 1933-
Número Koha 2075
702 ## - Nombre personal - Responsabilidad secundaria
Elemento de entrada Mourier-Martínez
Parte del nombre distinta del elemento de entrada María Francisca
Número Koha 16978
801 #0 - Fuente de origen
Agencia cm
900 ## -
-- 1/5860
900 ## -
-- 7100417621\080104
942 ## - ELEMENTOS DE ENTRADA SECUNDARIOS (KOHA)
Tipo de ítem Koha Livre
996 ## -
-- MEX
-- 751145101
-- MMAG
-- 008574
-- 972.04 I87C
-- 20230922LIV
Exemplaires
Estatus retirado Estado de daño Estado de pérdida Fecha de adquisición Biblioteca de origen Biblioteca actual Ubicación en estantería Código de barras Precio de reemplazo Signatura topográfica completa No para préstamo Tipo de ítem Koha Nota pública Nota no pública
      05/08/2025 Casa México Paris Casa México Paris   008574 05/08/2025 972.04 I87C   Livre 20230922LIV 751145101